|
|
|
|
| LEADER |
00300 a2200097 4500 |
| 100 |
|
|
|a Akbar Kakkattil
|
| 245 |
|
|
|a Sreepriyayude aadhikal
|
| 260 |
|
|
|c 2012
|b Mathrubhumi Books
|
| 942 |
|
|
|c BK
|6 _
|
| 999 |
|
|
|c 67849
|d 67849
|
| 952 |
|
|
|0 0
|1 0
|4 0
|6 _
|7 0
|9 79991
|a UL
|b UL
|d 2013-12-23
|e 140
|g 0.00
|p 00070911
|r 2014-02-24
|v 0.00
|w 2013-12-23
|y BK
|